[Event "Bayern-chTT (RL Sued-Ost)"]
[Site "Bayern 2008/09"]
[Date "2008.10.05"]
[Round "1.2"]
[White "Huber, Edwin(70)"]
[Black "Testor, Sebastian"]
[Result "0-1"]
[WhiteElo "2061"]
[BlackElo "2271"]
[PlyCount "142"]
[EventDate "2009.03.??"]
[EventType "team-tourn"]
[EventRounds "9"]
[WhiteTeam "Ilmmünster 1"]
[BlackTeam "Passau 2"]

1. d4 e6 2. e4 d5 3. Nc3 Bb4 4. e5 c5 5. Qg4 Ne7 6. dxc5 Bxc3+ 7. bxc3 Ng6 8.
h4 O-O 9. f4 Qa5 10. Rh3 f6 11. Rg3 fxe5 12. fxe5 Qc7 13. h5 Nxe5 14. Qg5 Rf5
15. Qe3 Rxh5 16. Ne2 Ng6 17. Qd3 Nd7 18. Rxg6 hxg6 19. Qxg6 Nf6 20. Bg5 Qf7 21.
Qxf7+ Kxf7 22. Bf4 e5 23. Bg3 Bd7 24. Rb1 Bc6 25. Rb4 Ne4 26. Bf2 Rf5 27. Be3
Rf8 28. Ng1 Nxc3 29. Bd3 Rh5 30. Rg4 Ne4 31. Nh3 Bd7 32. Bxe4 dxe4 33. Ng5+ Kg6
34. Ne6+ Kf7 35. Ng5+ Kf6 36. Nxe4+ Kf5 37. Nf2 Rh7 38. Rg5+ Ke6 39. Nd3 Rf5
40. Rg6+ Rf6 41. Rg5 Rf5 42. Rg6+ Kf7 43. Rd6 Bc6 44. g4 Rf6 45. Nxe5+ Ke8 46.
Rd4 Re6 47. Nxc6 bxc6 48. Rd3 Rh4 49. g5 Ra4 50. a3 Kf7 51. Kd2 Kg6 52. Rb3
Rae4 53. Rd3 Rxe3 54. Rxe3 Rxe3 55. Kxe3 Kxg5 56. Ke4 Kf6 57. Kf4 g5+ 58. Kg4
Kg6 59. Kg3 Kf5 60. Kf3 g4+ 61. Kg3 Kg5 62. Kf2 Kf4 63. Kg2 g3 64. Kg1 Kf3 65.
Kf1 g2+ 66. Kg1 a5 67. c3 Kg3 68. a4 Kf3 69. c4 Ke4 70. Kxg2 Kd4 71. Kf2 Kxc5
0-1

[Event "Bayern-chTT (RL Sued-Ost)"]
[Site "Bayern 2008/09"]
[Date "2008.10.05"]
[Round "1.3"]
[White "Lautner, Josef"]
[Black "Loder, Wilhelm"]
[Result "1-0"]
[WhiteElo "2193"]
[BlackElo "2096"]
[PlyCount "49"]
[EventDate "2009.03.??"]
[EventType "team-tourn"]
[EventRounds "9"]
[WhiteTeam "Passau 2"]
[BlackTeam "Ilmmünster 1"]

1. d4 Nf6 2. c4 e6 3. Nf3 Bb4+ 4. Bd2 Qe7 5. Bxb4 Qxb4+ 6. Qd2 Qxc4 7. Ne5 Qd5
8. Nc3 Qa5 9. e3 d5 10. Rc1 c6 11. Bd3 O-O 12. O-O Nbd7 13. f4 g6 14. Rf3 Kg7
15. Rcf1 Qd8 16. Qf2 Nb6 17. g4 Bd7 18. f5 exf5 19. gxf5 Qe7 20. Qh4 Rae8 21.
Rg3 Ng8 22. Qf4 Kh8 23. f6 Qe6 24. Bxg6 fxg6 25. Nxg6+ 1-0

[Event "Bayern-chTT (RL Sued-Ost)"]
[Site "Bayern 2008/09"]
[Date "2008.10.05"]
[Round "1.4"]
[White "Seisenberger, Georg"]
[Black "Eizenhammer, Peter"]
[Result "1-0"]
[WhiteElo "2051"]
[BlackElo "2103"]
[PlyCount "83"]
[EventDate "2009.03.??"]
[EventType "team-tourn"]
[EventRounds "9"]
[WhiteTeam "Ilmmünster 1"]
[BlackTeam "Passau 2"]

1. e4 d6 2. d4 Nf6 3. Nc3 Nbd7 4. f4 e5 5. Nf3 exd4 6. Qxd4 c6 7. Be3 d5 8. e5
Ng4 9. Bg1 Bc5 10. Qd2 Bxg1 11. Rxg1 Qb6 12. h3 Qe3+ 13. Qxe3 Nxe3 14. Bd3 Nc5
15. Kd2 Nc4+ 16. Bxc4 dxc4 17. g4 Bd7 18. Rae1 O-O-O 19. Kc1 b5 20. Ng5 Rdf8
21. Nce4 Nb7 22. Nd6+ Nxd6 23. exd6 h6 24. Ne4 f5 25. Nc5 fxg4 26. Re7 Rd8 27.
hxg4 Rhf8 28. f5 h5 29. gxh5 Rxf5 30. Nxd7 Rxd7 31. Rxd7 Kxd7 32. Rxg7+ Kxd6
33. h6 a5 34. Rg6+ Kc5 35. h7 Rh5 36. Rg5+ Rxg5 37. h8=Q Rd5 38. Qf8+ Kb6 39.
Qb8+ Kc5 40. Qa7+ Kb4 41. Qb6 Rd6 42. Qe3 1-0

[Event "Bayern-chTT (RL Sued-Ost)"]
[Site "Bayern 2008/09"]
[Date "2008.10.05"]
[Round "1.5"]
[White "Holzer, Richard(72)"]
[Black "Reischl, Markus"]
[Result "1-0"]
[WhiteElo "2176"]
[BlackElo "2058"]
[PlyCount "87"]
[EventDate "2009.03.??"]
[EventType "team-tourn"]
[EventRounds "9"]
[WhiteTeam "Passau 2"]
[BlackTeam "Ilmmünster 1"]

1. e4 c5 2. c3 Nf6 3. e5 Nd5 4. d4 cxd4 5. Nf3 Nc6 6. Bc4 Nb6 7. Bb3 d5 8. exd6
Qxd6 9. Na3 dxc3 10. Qxd6 exd6 11. Nb5 Rb8 12. O-O Be7 13. bxc3 a6 14. Nbd4
Nxd4 15. Nxd4 O-O 16. Re1 Bf6 17. Bf4 Be5 18. Bxe5 dxe5 19. Rxe5 Bd7 20. Rb1
Rfe8 21. f4 Na4 22. Bxa4 Bxa4 23. Rxe8+ Bxe8 24. Rb6 Kf8 25. Kf2 Bd7 26. Nb3
Be6 27. Nc5 Rc8 28. Nxe6+ fxe6 29. Rxb7 Rxc3 30. Rb6 Rc2+ 31. Kf3 Rxa2 32. Rxe6
h6 33. h3 a5 34. Ra6 a4 35. g3 a3 36. Kg4 Kf7 37. Kf5 Ra1 38. Ra7+ Kf8 39. Kg6
a2 40. Ra8+ Ke7 41. g4 Rh1 42. Rxa2 Rxh3 43. Ra7+ Ke8 44. Rxg7 1-0

[Event "Bayern-chTT (RL Sued-Ost)"]
[Site "Bayern 2008/09"]
[Date "2008.10.05"]
[Round "1.6"]
[White "Kampert, Andreas"]
[Black "Schneider, Roland(70)"]
[Result "0-1"]
[WhiteElo "2057"]
[BlackElo "1986"]
[PlyCount "186"]
[EventDate "2009.03.??"]
[EventType "team-tourn"]
[EventRounds "9"]
[WhiteTeam "Ilmmünster 1"]
[BlackTeam "Passau 2"]

1. e4 c5 2. Nf3 d6 3. d4 cxd4 4. Nxd4 Nf6 5. Nc3 g6 6. f4 Nc6 7. Nf3 Qb6 8. Bd3
Bg7 9. Qe2 Bg4 10. Qf2 Qxf2+ 11. Kxf2 O-O 12. Be3 Bxf3 13. Kxf3 e5 14. g3 Nb4
15. Rad1 Rfd8 16. a3 Nc6 17. Bc4 Rac8 18. Bb3 h5 19. h3 h4 20. gxh4 exf4 21.
Bxf4 Nh5 22. Bg5 Re8 23. Nb5 Bxb2 24. Nxd6 Ne5+ 25. Kg2 Rc3 26. Rhf1 Rg3+ 27.
Kh2 Rf8 28. Bh6 Nf3+ 29. Rxf3 Rxf3 30. Bxf8 Kxf8 31. Nc4 Bf6 32. Rd3 Rf2+ 33.
Kg1 Bxh4 34. Ne5 Nf4 35. Rf3 Ne2+ 36. Kh1 Rxf3 37. Nxf3 Be7 38. Bd5 Bxa3 39.
Bxb7 a5 40. Kg2 Bb2 41. Bc6 Nc3 42. Ne1 a4 43. Nd3 a3 44. Nb4 Ke7 45. Bd5 f6
46. Kf3 Kd6 47. Bb3 Kc5 48. Na2 Nb5 49. Ke3 Nd4 50. Kd3 Nf3 51. Ke3 Ne5 52. Ba4
g5 53. Bb3 Bd4+ 54. Ke2 Ng6 55. Kf3 Be5 56. Nc1 Nf4 57. Kg4 Kd4 58. Na2 Kxe4
59. h4 gxh4 60. Kxh4 Kf3 61. c4 Nd3 62. Bc2 Nc5 63. Bb1 Ke3 64. Nb4 Kd2 65. Na2
Na4 66. c5 Nxc5 67. Bg6 Nd3 68. Bf7 Nc1 69. Nb4 Bd6 70. Nc6 Kc3 71. Na7 Kb4 72.
Nc6+ Kc5 73. Nd8 Be5 74. Kg4 Kd6 75. Nb7+ Ke7 76. Bc4 a2 77. Bxa2 Nxa2 78. Nc5
Nc3 79. Kf5 Nb5 80. Nd3 Nd6+ 81. Kg4 Ke6 82. Kf3 f5 83. Nf2 Kd5 84. Nh3 Kd4 85.
Ng1 Ne4 86. Nh3 Kd3 87. Ng1 Nd2+ 88. Kg2 Bd4 89. Nh3 Be3 90. Kg3 Ke4 91. Kg2
Nc4 92. Kg3 Ne5 93. Kg2 Nf7 0-1

[Event "Bayern-chTT (RL Sued-Ost)"]
[Site "Bayern 2008/09"]
[Date "2008.10.05"]
[Round "1.7"]
[White "Bittner, Rudolf"]
[Black "Niedermeier, Thomas(90)"]
[Result "0-1"]
[WhiteElo "1976"]
[BlackElo "1983"]
[PlyCount "116"]
[EventDate "2009.03.??"]
[EventType "team-tourn"]
[EventRounds "9"]
[WhiteTeam "Passau 2"]
[BlackTeam "Ilmmünster 1"]

1. e4 Nf6 2. e5 Nd5 3. d4 d6 4. exd6 exd6 5. c4 Nb6 6. Nc3 Be7 7. Nf3 O-O 8.
Bd3 Bg4 9. h3 Bh5 10. b3 Bf6 11. Bxh7+ Kxh7 12. Ng5+ Bxg5 13. Qxh5+ Bh6 14.
Bxh6 gxh6 15. Ne4 f5 16. Nd2 Qe8+ 17. Qxe8 Rxe8+ 18. Kd1 Nc6 19. Nf3 Re4 20.
Re1 Rae8 21. d5 Rxe1+ 22. Nxe1 Nd4 23. Nd3 Nd7 24. Rb1 Nc5 25. Nxc5 dxc5 26.
Rb2 f4 27. a3 Rg8 28. f3 Nf5 29. b4 b6 30. bxc5 Ne3+ 31. Kc1 Nxc4 32. Rb4 Ne5
33. Re4 Nd3+ 34. Kd2 Nxc5 35. Rxf4 Rxg2+ 36. Ke3 Kg7 37. a4 a5 38. Rh4 Ra2 39.
Rg4+ Kf6 40. Rh4 Ra3+ 41. Ke2 Rxa4 42. Rxh6+ Ke5 43. Rc6 Kxd5 44. Rxc7 Rh4 45.
Rg7 Rxh3 46. Rg5+ Kc4 47. Rg6 Kb5 48. f4 a4 49. Kd2 Rf3 50. Kc2 Rxf4 51. Kb2
Rb4+ 52. Ka3 Rb3+ 53. Ka2 a3 54. Ka1 Ka4 55. Rh6 b5 56. Rh8 Rc3 57. Ka2 Rc2+
58. Kb1 Rb2+ 0-1

[Event "Bayern-chTT (RL Sued-Ost)"]
[Site "Bayern 2008/09"]
[Date "2008.10.05"]
[Round "1.8"]
[White "Schwertler, Philipp"]
[Black "Zeitler, Georg(48)"]
[Result "1/2-1/2"]
[WhiteElo "1945"]
[BlackElo "1930"]
[PlyCount "96"]
[EventDate "2009.03.??"]
[EventType "team-tourn"]
[EventRounds "9"]
[WhiteTeam "Ilmmünster 1"]
[BlackTeam "Passau 2"]

1. d4 d5 2. c4 e6 3. Nc3 c5 4. e3 Nf6 5. Nf3 Nc6 6. Be2 dxc4 7. Bxc4 cxd4 8.
exd4 Be7 9. O-O O-O 10. Re1 b6 11. b3 Bb7 12. Bb2 Nb4 13. Ne5 Nbd5 14. Nxd5
Bxd5 15. Re3 Qc7 16. Bxd5 Nxd5 17. Rh3 Rac8 18. Rc1 Qb7 19. Rxc8 Qxc8 20. Rf3
Qc7 21. h3 Bd6 22. Nc4 Rc8 23. a3 b5 24. Ne3 Nxe3 25. fxe3 Qc2 26. Qxc2 Rxc2
27. Rf2 Rxf2 28. Kxf2 f5 29. Kf3 Kf7 30. a4 a6 31. axb5 axb5 32. Bc3 g6 33. Ba5
e5 34. Bb6 Ke6 35. e4 fxe4+ 36. Kxe4 exd4 37. Kxd4 Bb4 38. Bc5 Ba5 39. Ba7 Be1
40. Bb8 Bf2+ 41. Ke4 Bc5 42. Be5 Ba3 43. Bg7 Bc1 44. Bf8 Bb2 45. Bc5 Bg7 46.
Bd4 Bf8 47. Be5 Bc5 48. Bf4 Bb6 1/2-1/2

[Event "Bayern-chTT (RL Sued-Ost)"]
[Site "Bayern 2008/09"]
[Date "2008.10.05"]
[Round "1.2"]
[White "Gesing, Oliver"]
[Black "Knitl, Anton"]
[Result "1/2-1/2"]
[WhiteElo "2079"]
[BlackElo "2144"]
[PlyCount "31"]
[EventDate "2009.03.??"]
[EventType "team-tourn"]
[EventRounds "9"]
[WhiteTeam "Gräfelfing 1"]
[BlackTeam "Freising 1"]

1. e4 c5 2. b3 d6 3. Bb2 Nf6 4. Nc3 g6 5. Nd5 Bg7 6. Nxf6+ exf6 7. Bb5+ Nc6 8.
Nf3 O-O 9. O-O Re8 10. Re1 Bd7 11. h3 a6 12. Bf1 f5 13. Bxg7 Kxg7 14. d3 Qf6
15. g3 Rad8 16. Bg2 1/2-1/2

[Event "Bayern-chTT (RL Sued-Ost)"]
[Site "Bayern 2008/09"]
[Date "2008.10.05"]
[Round "1.3"]
[White "Bauer, Robert(67)"]
[Black "Hofmann, Juergen(59)"]
[Result "1-0"]
[WhiteElo "2060"]
[BlackElo "2168"]
[PlyCount "47"]
[EventDate "2009.03.??"]
[EventType "team-tourn"]
[EventRounds "9"]
[WhiteTeam "Freising 1"]
[BlackTeam "Gräfelfing 1"]

1. e4 c5 2. Nf3 d6 3. d4 cxd4 4. Nxd4 Nf6 5. Nc3 g6 6. Be3 Bg7 7. f3 Nc6 8. Qd2
O-O 9. O-O-O Nxd4 10. Bxd4 Be6 11. Kb1 Qc7 12. h4 Rfc8 13. h5 Qa5 14. hxg6 hxg6
15. a3 Rab8 16. Bd3 b5 17. Qg5 Nh7 18. Rxh7 Bxd4 19. Rdh1 Kf8 20. Rh8+ Bxh8 21.
Rxh8+ Kg7 22. Qh6+ Kf6 23. e5+ Kxe5 24. Qe3+ 1-0

[Event "Bayern-chTT (RL Sued-Ost)"]
[Site "Bayern 2008/09"]
[Date "2008.10.05"]
[Round "1.5"]
[White "Lanzinner, Denis"]
[Black "Wuerdinger, Alexander"]
[Result "1-0"]
[WhiteElo "1971"]
[BlackElo "2074"]
[PlyCount "89"]
[EventDate "2009.03.??"]
[EventType "team-tourn"]
[EventRounds "9"]
[WhiteTeam "Freising 1"]
[BlackTeam "Gräfelfing 1"]

1. e4 c5 2. Nf3 Nc6 3. d4 cxd4 4. Nxd4 Nf6 5. Nc3 e6 6. Nxc6 bxc6 7. Bd3 d5 8.
O-O Bb4 9. e5 Nd7 10. f4 O-O 11. Na4 f5 12. a3 Be7 13. b4 a5 14. c3 axb4 15.
axb4 c5 16. Bd2 Bb7 17. Bb5 cxb4 18. cxb4 Nb6 19. Nc5 Bxc5+ 20. bxc5 Rxa1 21.
Qxa1 Nc4 22. Bb4 Qc7 23. Qd4 Ra8 24. Ra1 Rxa1+ 25. Qxa1 Bc6 26. Qa6 Bxb5 27.
Qxb5 Kf7 28. h3 g5 29. g3 h5 30. h4 gxf4 31. gxf4 Qa7 32. Bc3 Ke7 33. Kh1 Kd8
34. Bd4 Kc7 35. Qe8 Qb7 36. Kh2 Qc6 37. Qxh5 Nd2 38. Qd1 Ne4 39. Qc2 Qa6 40.
Qb2 Kc6 41. Qb6+ Qxb6 42. cxb6 Nd2 43. Kg2 Nb3 44. Bf2 d4 45. h5 1-0

[Event "Bayern-chTT (RL Sued-Ost)"]
[Site "Bayern 2008/09"]
[Date "2008.10.05"]
[Round "1.6"]
[White "Schneider, Richard(60)"]
[Black "Benischek, Wolfgang"]
[Result "1/2-1/2"]
[WhiteElo "2100"]
[BlackElo "1953"]
[PlyCount "32"]
[EventDate "2009.03.??"]
[EventType "team-tourn"]
[EventRounds "9"]
[WhiteTeam "Gräfelfing 1"]
[BlackTeam "Freising 1"]

1. d4 Nf6 2. c4 g6 3. Nc3 Bg7 4. e4 d6 5. f3 O-O 6. Bg5 Nbd7 7. Nh3 c5 8. d5 a6
9. Qd2 Qa5 10. Nf2 Ne5 11. Be2 h5 12. O-O Kh7 13. Rae1 Bd7 14. h3 b5 15. cxb5
Bxb5 16. Nxb5 axb5 1/2-1/2

[Event "Bayern-chTT (RL Sued-Ost)"]
[Site "Bayern 2008/09"]
[Date "2008.10.05"]
[Round "1.7"]
[White "Wolf, Dietrich Hans(36)"]
[Black "Reichert, Leif"]
[Result "1/2-1/2"]
[WhiteElo "1938"]
[BlackElo "2143"]
[PlyCount "62"]
[EventDate "2009.03.??"]
[EventType "team-tourn"]
[EventRounds "9"]
[WhiteTeam "Freising 1"]
[BlackTeam "Gräfelfing 1"]

1. e4 c5 2. Nf3 d6 3. d4 cxd4 4. Nxd4 Nf6 5. Nc3 Nc6 6. Bg5 e6 7. Qd2 a6 8.
O-O-O h6 9. Be3 Bd7 10. f4 b5 11. Bd3 Qc7 12. Kb1 Na5 13. Qe2 b4 14. e5 bxc3
15. exf6 Qb7 16. b3 gxf6 17. Qh5 Nc6 18. Be4 d5 19. Nxc6 Bxc6 20. Bf3 Be7 21.
Bd4 Qb4 22. Rhe1 Bd7 23. Bxd5 Rc8 24. Bxe6 Bxe6 25. Rxe6 Qa3 26. Rxe7+ Kxe7 27.
Bxf6+ Kxf6 28. Qe5+ Kg6 29. Rd6+ Kh7 30. Qf5+ Kg7 31. Qg4+ Kh7 1/2-1/2

[Event "Bayern-chTT (RL Sued-Ost)"]
[Site "Bayern 2008/09"]
[Date "2008.10.05"]
[Round "1.8"]
[White "Jordan, Tobias"]
[Black "Schneider, Wolfgang(64)"]
[Result "0-1"]
[WhiteElo "1927"]
[BlackElo "1915"]
[PlyCount "68"]
[EventDate "2009.03.??"]
[EventType "team-tourn"]
[EventRounds "9"]
[WhiteTeam "Gräfelfing 1"]
[BlackTeam "Freising 1"]

1. e4 c5 2. Nc3 d6 3. g3 Nf6 4. Bg2 Nc6 5. d3 e6 6. f4 Qc7 7. Nf3 a6 8. O-O Be7
9. h3 O-O 10. Be3 b5 11. Qd2 Rb8 12. g4 d5 13. g5 d4 14. gxf6 Bxf6 15. Bf2 dxc3
16. bxc3 b4 17. e5 Be7 18. d4 Rd8 19. cxb4 cxd4 20. a3 a5 21. bxa5 Ba6 22. Rfd1
Rb2 23. Qc1 Rdb8 24. Nxd4 Nxd4 25. Bxd4 Rxc2 26. Qe3 Qxa5 27. Rab1 Rbc8 28. Be4
Re2 29. Qf3 Qa4 30. Bb7 Rd8 31. Bxa6 Qxa6 32. Qd3 Qxd3 33. Rxd3 Re4 34. Rbd1
Rexd4 0-1

[Event "Bayern-chTT (RL Sued-Ost)"]
[Site "Bayern 2008/09"]
[Date "2008.10.05"]
[Round "1.1"]
[White "Wahrlich, Andreas"]
[Black "Anka, Emil"]
[Result "0-1"]
[WhiteElo "2031"]
[BlackElo "2365"]
[PlyCount "64"]
[EventDate "2009.03.??"]
[EventType "team-tourn"]
[EventRounds "9"]
[WhiteTeam "Waldkraiburg 1"]
[BlackTeam "Trostberg 1"]

1. d4 c5 2. d5 e6 3. c4 exd5 4. cxd5 d6 5. Nc3 g6 6. Nf3 Bg7 7. g3 Na6 8. Bg2
Nc7 9. a4 Ne7 10. e4 Bg4 11. h3 Bxf3 12. Bxf3 a6 13. Be3 b5 14. axb5 Nxb5 15.
Qd3 O-O 16. O-O Qd7 17. Be2 Qxh3 18. Nxb5 axb5 19. Qxb5 Rab8 20. Qa6 Be5 21.
Bf4 Bxf4 22. gxf4 Rxb2 23. Rfb1 Rd2 24. Rb7 Qh4 25. Ra3 Qxf4 26. Rg3 Qe5 27.
Rd7 Nxd5 28. Qxd6 Qxe4 29. Bf3 Qe1+ 30. Kh2 Qxf2+ 31. Bg2 Ne3 32. Qxd2 Nf1+ 0-1

[Event "Bayern-chTT (RL Sued-Ost)"]
[Site "Bayern 2008/09"]
[Date "2008.10.05"]
[Round "1.2"]
[White "Huch, Reiner"]
[Black "Poetsch, Klaus"]
[Result "1/2-1/2"]
[WhiteElo "2251"]
[BlackElo "2140"]
[PlyCount "48"]
[EventDate "2009.03.??"]
[EventType "team-tourn"]
[EventRounds "9"]
[WhiteTeam "Trostberg 1"]
[BlackTeam "Waldkraiburg 1"]

1. Nf3 d5 2. d4 c6 3. c4 e6 4. e3 Nd7 5. Nc3 Ngf6 6. Qc2 Bd6 7. Be2 O-O 8. O-O
dxc4 9. Bxc4 e5 10. Rd1 Qe7 11. h3 exd4 12. exd4 Nb6 13. Re1 Qc7 14. Bb3 Nbd5
15. Bg5 Bf4 16. Nxd5 Nxd5 17. Qe4 h6 18. Bxf4 Nxf4 19. Ne5 Ne6 20. Rac1 Qd6 21.
d5 cxd5 22. Bxd5 Ng5 23. Qc4 Be6 24. Bxe6 Qxe6 1/2-1/2

[Event "Bayern-chTT (RL Sued-Ost)"]
[Site "Bayern 2008/09"]
[Date "2008.10.05"]
[Round "1.3"]
[White "Jergler, Karl-Heinz"]
[Black "Besner, Bernhard"]
[Result "1/2-1/2"]
[WhiteElo "2116"]
[BlackElo "2167"]
[PlyCount "45"]
[EventDate "2009.03.??"]
[EventType "team-tourn"]
[EventRounds "9"]
[WhiteTeam "Waldkraiburg 1"]
[BlackTeam "Trostberg 1"]

1. e4 d5 2. exd5 Qxd5 3. Nc3 Qa5 4. d4 Nf6 5. Nf3 Bg4 6. h3 Bh5 7. g4 Bg6 8.
Ne5 e6 9. Bg2 c6 10. O-O Nbd7 11. f4 Qb6 12. Nxd7 Kxd7 13. Na4 Qb5 14. b3 Rd8
15. c4 Qa5 16. a3 Kc8 17. Bb2 Be4 18. b4 Qc7 19. Qe2 Bxg2 20. Qxg2 Bd6 21. Qf2
Ne4 22. Qe3 f5 23. d5 1/2-1/2

[Event "Bayern-chTT (RL Sued-Ost)"]
[Site "Bayern 2008/09"]
[Date "2008.10.05"]
[Round "1.4"]
[White "Kern, Johannes Dr(61)"]
[Black "Hauschild, Helmut"]
[Result "1-0"]
[WhiteElo "2135"]
[BlackElo "2109"]
[PlyCount "51"]
[EventDate "2009.03.??"]
[EventType "team-tourn"]
[EventRounds "9"]
[WhiteTeam "Trostberg 1"]
[BlackTeam "Waldkraiburg 1"]

1. d4 Nf6 2. Nf3 g6 3. Nc3 Bg7 4. e4 d6 5. Be3 c6 6. Qd2 b5 7. Bd3 Bg4 8. Nh4
a6 9. h3 Be6 10. a4 b4 11. Ne2 a5 12. O-O Qc8 13. Bh6 Bxh6 14. Qxh6 g5 15. e5
gxh4 16. exf6 exf6 17. Nf4 Nd7 18. Rfe1 Kd8 19. Rxe6 fxe6 20. Nxe6+ Ke7 21.
Qg7+ Kxe6 22. Bf5+ Kd5 23. Qg4 Re8 24. Bxd7 Qa6 25. Qf5+ Kc4 26. Bxe8 1-0

[Event "Bayern-chTT (RL Sued-Ost)"]
[Site "Bayern 2008/09"]
[Date "2008.10.05"]
[Round "1.6"]
[White "Moser, Wolfgang(48)"]
[Black "Guenes, Erdogan"]
[Result "1-0"]
[WhiteElo "2063"]
[BlackElo "1970"]
[PlyCount "83"]
[EventDate "2009.03.??"]
[EventType "team-tourn"]
[EventRounds "9"]
[WhiteTeam "Trostberg 1"]
[BlackTeam "Waldkraiburg 1"]

1. d4 d5 2. c4 e6 3. Nc3 f5 4. g3 Nf6 5. Bg2 c6 6. Nf3 Nbd7 7. O-O Bd6 8. e3
O-O 9. a4 Ne4 10. Nd2 Rf6 11. f4 Rh6 12. Nf3 Be7 13. Nxe4 fxe4 14. Ne5 g5 15.
fxg5 Bxg5 16. Nf7 Qe7 17. Nxh6+ Bxh6 18. b3 Nf6 19. Ra2 Bd7 20. Raf2 Rf8 21.
Bh3 Be8 22. Bd2 Bh5 23. g4 Bg6 24. Qe1 b6 25. Rg2 Bg5 26. Kh1 h6 27. Rgg1 Rd8
28. Qg3 c5 29. Bc3 Nd7 30. Bg2 cxd4 31. exd4 Rc8 32. Qe1 a5 33. Bb2 Bh4 34. Qe2
Qb4 35. g5 h5 36. Bh3 Qe7 37. Qe3 dxc4 38. d5 Nc5 39. Qc3 Kh7 40. dxe6 Nd3 41.
Rf7+ Qxf7 42. exf7 1-0

[Event "Bayern-chTT (RL Sued-Ost)"]
[Site "Bayern 2008/09"]
[Date "2008.10.05"]
[Round "1.7"]
[White "Hauschild, Rudolf jr(55)"]
[Black "Steinberg, Sven"]
[Result "1/2-1/2"]
[WhiteElo "1812"]
[BlackElo "1974"]
[PlyCount "27"]
[EventDate "2009.03.??"]
[EventType "team-tourn"]
[EventRounds "9"]
[WhiteTeam "Waldkraiburg 1"]
[BlackTeam "Trostberg 1"]

1. e4 c5 2. Nf3 Nc6 3. d4 cxd4 4. Nxd4 g6 5. Be3 Bg7 6. Nc3 Nf6 7. Be2 O-O 8.
Qd2 d5 9. exd5 Nxd5 10. Nxd5 Qxd5 11. Bf3 Qd6 12. Nxc6 Qxd2+ 13. Bxd2 bxc6 14.
Bxc6 1/2-1/2

[Event "Bayern-chTT (RL Sued-Ost)"]
[Site "Bayern 2008/09"]
[Date "2008.10.05"]
[Round "1.8"]
[White "Huber, Hans"]
[Black "Mertz, Waldemar"]
[Result "1/2-1/2"]
[WhiteElo "1921"]
[BlackElo "1872"]
[PlyCount "31"]
[EventDate "2009.03.??"]
[EventType "team-tourn"]
[EventRounds "9"]
[WhiteTeam "Trostberg 1"]
[BlackTeam "Waldkraiburg 1"]

1. Nf3 g6 2. g3 Bg7 3. Bg2 c6 4. O-O d5 5. d4 Nf6 6. c3 O-O 7. Nbd2 Nbd7 8. e4
Nxe4 9. Nxe4 dxe4 10. Ng5 Nf6 11. Nxe4 Nxe4 12. Bxe4 Be6 13. Re1 Re8 14. Bf4
Bd5 15. Qc2 Bxe4 16. Rxe4 1/2-1/2

[Event "Bayern-chTT (RL Sued-Ost)"]
[Site "Bayern 2008/09"]
[Date "2008.10.05"]
[Round "1.1"]
[White "Berchtenbreiter, Maximilian"]
[Black "Nurbekoglu, Michael"]
[Result "1-0"]
[WhiteElo "2137"]
[BlackElo "2038"]
[PlyCount "57"]
[EventDate "2009.03.??"]
[EventType "team-tourn"]
[EventRounds "9"]
[WhiteTeam "Pang/Ro.2"]
[BlackTeam "Landshut 1"]

1. e4 e6 2. f4 d5 3. e5 c5 4. Nf3 a6 5. c3 Nc6 6. Na3 Nh6 7. Nc2 Nf5 8. Bd3 Be7
9. O-O h5 10. Bxf5 exf5 11. d4 Be6 12. dxc5 Bxc5+ 13. Be3 Bxe3+ 14. Nxe3 Qb6
15. Qd2 O-O 16. Kh1 Rfd8 17. Rfd1 g6 18. h3 Rd7 19. Nc2 Rc8 20. b3 Rdc7 21.
Rac1 Nd8 22. Ne3 Qa5 23. Nd4 Qa3 24. g4 hxg4 25. hxg4 Qe7 26. gxf5 Qh4+ 27. Qh2
Qxh2+ 28. Kxh2 gxf5 29. Nexf5 1-0

[Event "Bayern-chTT (RL Sued-Ost)"]
[Site "Bayern 2008/09"]
[Date "2008.10.05"]
[Round "1.2"]
[White "Schmaus, Horst(56)"]
[Black "Graf, Christian(61)"]
[Result "1/2-1/2"]
[WhiteElo "2033"]
[BlackElo "2032"]
[PlyCount "76"]
[EventDate "2009.03.??"]
[EventType "team-tourn"]
[EventRounds "9"]
[WhiteTeam "Landshut 1"]
[BlackTeam "Pang/Ro.2"]

1. e4 c6 2. d4 d5 3. exd5 cxd5 4. c4 Nf6 5. Nc3 e6 6. c5 Be7 7. Nf3 O-O 8. Qc2
b6 9. b4 a5 10. Na4 axb4 11. Nxb6 Ra7 12. Bd3 Nbd7 13. Nxc8 Qxc8 14. O-O Ne4
15. Bxe4 dxe4 16. Qxe4 Qa8 17. Qe2 Qd5 18. Be3 Rfa8 19. Qb2 Ra4 20. h3 Bf6 21.
Rac1 Nxc5 22. Qb1 Ne4 23. Rc7 Nc3 24. Qb3 h6 25. Re1 Qxb3 26. axb3 Ra3 27. Bd2
Rxb3 28. Bxc3 Rxc3 29. Rxc3 bxc3 30. Rc1 Rc8 31. Rc2 Kf8 32. Kf1 Ke7 33. Ke2
Kd6 34. Kd3 Kd5 35. Rxc3 Rxc3+ 36. Kxc3 h5 37. Kd3 g6 38. h4 Kd6 1/2-1/2

[Event "Bayern-chTT (RL Sued-Ost)"]
[Site "Bayern 2008/09"]
[Date "2008.10.05"]
[Round "1.4"]
[White "Wist, Alexander"]
[Black "Steinbacher, Thomas"]
[Result "1-0"]
[WhiteElo "2079"]
[BlackElo "2044"]
[PlyCount "67"]
[EventDate "2009.03.??"]
[EventType "team-tourn"]
[EventRounds "9"]
[WhiteTeam "Landshut 1"]
[BlackTeam "Pang/Ro.2"]

1. e4 e5 2. Nf3 Nc6 3. Bb5 f5 4. d4 fxe4 5. Nxe5 Nxe5 6. dxe5 c6 7. Be2 Qa5+ 8.
Bd2 Qxe5 9. Bc3 Qg5 10. Bh5+ Kd8 11. O-O Nf6 12. Bxf6+ gxf6 13. Nc3 Rg8 14. g3
f5 15. f4 Qf6 16. Kh1 Bb4 17. Ne2 Bc5 18. c3 Kc7 19. b4 Be7 20. Rb1 a6 21. c4
d6 22. Nd4 c5 23. Nc2 Be6 24. Ne3 Qd4 25. Qe2 cxb4 26. Rxb4 d5 27. Rd1 Qc5 28.
Rdb1 dxc4 29. Rxb7+ Kc8 30. Qb2 Bd6 31. Qf6 Bd7 32. Nxc4 Qxc4 33. Qxd6 Qc6 34.
Rb8+ 1-0

[Event "Bayern-chTT (RL Sued-Ost)"]
[Site "Bayern 2008/09"]
[Date "2008.10.05"]
[Round "1.5"]
[White "Kiener, Georg"]
[Black "Neubauer, Andreas(78)"]
[Result "0-1"]
[WhiteElo "2032"]
[BlackElo "2056"]
[PlyCount "90"]
[EventDate "2009.03.??"]
[EventType "team-tourn"]
[EventRounds "9"]
[WhiteTeam "Pang/Ro.2"]
[BlackTeam "Landshut 1"]

1. e4 c5 2. Nf3 d6 3. d4 cxd4 4. Nxd4 Nf6 5. Nc3 a6 6. Bc4 e6 7. Qf3 Be7 8. Bg5
O-O 9. O-O-O Qc7 10. Bb3 Nc6 11. h4 Na5 12. Kb1 Nxb3 13. axb3 b5 14. h5 h6 15.
Be3 Bb7 16. Qg3 Kh7 17. f3 Rac8 18. Rd2 Bc6 19. Qh2 Bd7 20. g4 Ne8 21. Rg2 b4
22. Na4 Qa5 23. Rhg1 Bxa4 24. bxa4 Qxa4 25. g5 hxg5 26. Bxg5 Qd7 27. Bxe7 Qxe7
28. Qf4 Rc4 29. Qe3 Qf6 30. Ne2 Rc5 31. Nf4 a5 32. Rg4 a4 33. Qd3 Kh8 34. Qa6
a3 35. bxa3 bxa3 36. Qxa3 Nc7 37. Nd3 Nb5 38. Qa1 Rc3 39. e5 dxe5 40. Rxg7 Na3+
41. Ka2 e4 42. Nb4 Qd4 43. Qc1 Qc4+ 44. Ka1 Nxc2+ 45. Nxc2 Ra8+ 0-1

[Event "Bayern-chTT (RL Sued-Ost)"]
[Site "Bayern 2008/09"]
[Date "2008.10.05"]
[Round "1.6"]
[White "Schubert, Josef(59)"]
[Black "Kranewitter, Norbert"]
[Result "1/2-1/2"]
[WhiteElo "1932"]
[BlackElo "1984"]
[PlyCount "83"]
[EventDate "2009.03.??"]
[EventType "team-tourn"]
[EventRounds "9"]
[WhiteTeam "Landshut 1"]
[BlackTeam "Pang/Ro.2"]

1. e4 c6 2. d4 d5 3. exd5 cxd5 4. c4 Nf6 5. Nc3 Nc6 6. Nf3 Bg4 7. cxd5 Nxd5 8.
Qb3 Bxf3 9. gxf3 Nb6 10. Be3 e6 11. Rd1 Bd6 12. Bd3 O-O 13. h4 e5 14. dxe5 Nxe5
15. Be4 Qe7 16. Kf1 Nec4 17. Bg5 Qe6 18. Kg2 h6 19. Bc1 Rad8 20. Nd5 Kh8 21.
Nxb6 axb6 22. Rhe1 Bc5 23. Bd3 Na5 24. Qxe6 fxe6 25. Rxe6 Rd4 26. Bc2 Rxh4 27.
Rde1 Rc4 28. Bg6 Nc6 29. a3 Nd4 30. Re8 Kg8 31. b4 Bd6 32. Bf4 Nf5 33. Bxd6
Nxd6 34. Rxf8+ Kxf8 35. Re6 Rd4 36. Re2 Rd5 37. Bc2 Rg5+ 38. Kh2 Nf5 39. Be4
Nd6 40. Rc2 Re5 41. Bd3 Rd5 42. Rc3 1/2-1/2